Zen and the Art of the Internet <a> Beginner's Guide
Guardado en:
| Autor principal: | |
|---|---|
| Formato: | Libro |
| Lenguaje: | inglés |
| Publicado: |
Englewood Cliffs
Prentice Hall
1994
|
| Edición: | 3. ed. |
| Materias: | |
| Etiquetas: |
Sin Etiquetas, Sea el primero en etiquetar este registro!
|
MARC
| LEADER | 00000nam a2200000 4500 | ||
|---|---|---|---|
| 001 | c010246 | ||
| 005 | 20221205141229.0 | ||
| 020 | |a 0-13-121492-6 | ||
| 041 | 0 | |a eng | |
| 044 | |a US | ||
| 245 | 1 | 0 | |a Zen and the Art of the Internet |b <a> Beginner's Guide |c Brendan P. Kehoe |
| 250 | |a 3. ed. | ||
| 264 | 1 | |a Englewood Cliffs |b Prentice Hall |c 1994 | |
| 300 | |a 193 s. | ||
| 610 | 2 | 0 | |a siete počítačové |
| 610 | 2 | 0 | |a pošta elektronická |
| 610 | 2 | 0 | |a služby |
| 610 | 2 | 0 | |a internet |
| 100 | 1 | |a Kehoe, Brendan P. | |